000 01048nam a22002057a 4500
003 DO-CoUTE
005 20240918102854.0
008 240918b dr ||||| |||| 00| 0 spa d
040 _aDO-CoUTE
_bspa
_cDO-CoUTE
082 _a398.329 L579C (CEN)
100 1 _aLeón, Domingo Rogelio
_eautor
245 1 0 _aCaripe :
_bHistoria cotidiana y oralidad /
_cDomingo Rogelio León, Rudy Mostacero Villarreal
250 _aPrimera edición
260 _aMaturín, Venezuela :
_bEditorial Litógrafos,
_c1997
300 _a533 páginas :
_bFotografías ;
_c11x19cm
504 _aIncluye referencia bibliográfica e índice.
505 _aLa oralidad y la literatura oral 15|Caripe: de la aldea a la ciudad, recuento histórico - cultural 45|Oralidad y escritura en la literatura popular de cuatro creadores de Caripe 71|Cotidianidad y creación literaria en cuatro escritores populares 143|Presentación autobiográfica 231|Antología poética 259|Glosario de términos mitológicos y literarios 485
650 4 _2Folclor Campesino
942 _2ddc
_cBK
999 _c23597
_d23597